Keblack - Melrose Place - Statistiques

Statistiques générales
  • Ce quiz a été pris 56 fois
  • Le résultat moyen est 298 sur 453
Statistiques - réponses
Réponse % Correct
la
100%
a
98%
ces
98%
pas
98%
Ah,
96%
ah,
96%
ah
96%
(Ah,
96%
ah)
96%
Ah
96%
ça
96%
ça)
96%
c'est
96%
C'est
96%
(C'est
96%
Me
96%
me,
96%
dans
91%
date,
89%
date
89%
date),
89%
le
89%
spa
89%
j'peux
87%
Melrose
87%
(Melrose
87%
Place
87%
Place)
87%
qu'
87%
au
85%
je
85%
l'premier
85%
n*gro
85%
qui
85%
j'suis
83%
(J'suis
83%
J'suis,
83%
j'suis,
83%
vie
83%
j'arrive
80%
longtime
80%
sorry
80%
t'intéresse,
80%
l'emmener
72%
par
72%
(Premier
70%
de
67%
De
67%
intérêt,
67%
en
65%
on
65%
On
65%
ma
63%
Pour
63%
(Pour
63%
pour
63%
s'arrête
61%
mais
54%
(Mais
54%
m'en
54%
ton
54%
fort
52%
fort)
52%
fort !)
52%
va
52%
ex,
50%
payer,
50%
payer
50%
tout
50%
colle
48%
Eh,
48%
eh,
48%
sais
48%
voir
48%
vouloir
48%
vrai
48%
vrai)
48%
vrai,
48%
bon
46%
j'vais
46%
J'connais
43%
mon
43%
qu'il
43%
(Tu
43%
tu
43%
comme
41%
nan,
41%
parle
41%
Rio,
41%
toi
41%
des
39%
hélico'
39%
ici,
39%
-moi
39%
(Moi
39%
T'inquiète,
39%
bébé,
37%
ceux
37%
courage
37%
courage)
37%
donc,
37%
ils
37%
Ils
37%
viens
37%
(Viens
37%
Viens
37%
amis
35%
Janeiro
35%
obligé
35%
oui
35%
passé
35%
passé)
35%
tour
35%
un
35%
ville
35%
commun,
33%
connait
33%
(Connait
33%
fait
33%
qu'elle
33%
souhaitez
33%
babe,
30%
boca,
30%
boca
30%
dit
30%
ont
30%
pélican,
28%
pénav,
28%
amore
26%
dur
26%
flinguent
26%
(Hey
26%
Hey
26%
hey
26%
mio
26%
quoi ?
26%
Tcho,
26%
tcho
26%
tcho,
26%
dis
24%
est
24%
toujours
24%
éviter
22%
m'ont
22%
bandeurs
20%
flingueur
20%
l'addition
20%
see
20%
woah),
20%
woah)
20%
woah,
20%
woah
20%
you
20%
can't
17%
gigantesque,
17%
kouma
17%
kouma)
17%
sans
17%
(Awa)
15%
baby
15%
chérie
15%
(Ha-
15%
ha-
15%
ha)
15%
regarder
15%
t'était
15%
vêtu
15%
Dior
13%
consommer
7%
d'brasser
7%
Mapessa
7%
(C'est fort !),
2%
Aucun quiz correspondant
Distribution des résultats
% des personnes avec chaque résultat
Percentile par nombre de réponses
Votre historique - résultats
Vous n’avez pas pris ce quiz